|
|
|
|
| LEADER |
00000cam a2200000 7i4500 |
| 001 |
0000011454 |
| 005 |
20241011.0 |
| 008 |
030820 my a eng |
| 020 |
|
|
|a 9835807167
|
| 040 |
|
|
|a INS
|b eng
|e rda
|
| 090 |
0 |
0 |
|a HF5548.4.M525
|b K621 2002
|
| 100 |
1 |
|
|a Kinkoph, Shirley ,
|e author
|
| 245 |
1 |
0 |
|a Bagaimana mengguna microsoft office XP
|c Shirley Kinkoph, Jennifer Fultan
|f alih bahasa : Khor Goik Keow
|
| 264 |
|
1 |
|a Selangor :
|b Federal Publications
|c 2002
|
| 300 |
|
|
|a 321 pages :
|b illustrations ;
|c 26 cm.
|
| 336 |
|
|
|a text
|2 rdacontent
|
| 337 |
|
|
|a unmediated
|2 rdamedia
|
| 338 |
|
|
|a volume
|2 rdacarrier
|
| 650 |
|
0 |
|a Business
|x computer programs
|
| 650 |
|
0 |
|a Integrated software
|
| 700 |
1 |
|
|a Fultan, Jennifer ,
|e author
|
| 700 |
1 |
|
|a Khor, Goik Keow ,
|e translation
|
| 999 |
|
|
|a 0000010148
|b BOOK
|c Open Shelf
|e Default branch
|